LEADER 01182nam0-22003851i-450- 001 990003010620403321 005 20100316155040.0 010 $a88-7153-077-2 035 $a000301062 035 $aFED01000301062 035 $a(Aleph)000301062FED01 035 $a000301062 100 $a20030910d1991----km-y0itay50------ba 101 0 $aita 102 $aIT 200 1 $a<>anatra zoppa$eRistrutturazione produttiva, crisi della finanza pubblica, rischi dell'economia italiana negli anni '90$fa cura di Mario Baldassarri$gSaggi di Giavazzi, Spaventa, Cipolletta...[et al.]. 210 $aRoma$cSIPI$d1991. 215 $a239 p.$d23 cm 225 1 $aMonografie RPE$v8 610 0 $aItalia$aInflazione$a1980- 610 0 $aItalia$aRistrutturazione economica$a1980- 676 $aF/1.411 676 $aJ/1.52 676 $aJ/5 702 1$aBaldassarri,$bMario$f<1946- > 702 1$aGiavazzi,$bFrancesco$f<1949- > 801 0$aIT$bUNINA$gRICA$2UNIMARC 901 $aBK 912 $a990003010620403321 952 $aE6.129$b2937$fDECTS 952 $aF/1.411 BAL$b11033$fSES 959 $aDECTS 959 $aSES 996 $aAnatra zoppa$9468076 997 $aUNINA LEADER 00878cam0-2200313---450 001 990005598370403321 005 20230726093111.0 035 $a000559837 035 $aFED01000559837 035 $a(Aleph)000559837FED01 035 $a000559837 100 $a19990604d1925----km-y0itay50------ba 101 0 $aita 102 $aIT 105 $ay-------001yy 200 1 $a<>Preraffaellismo inglese$fMario Vinciguerra 210 $aBologna$cNicola Zanichelli$d1925 215 $a156 p.$d19 cm 225 1 $a<>grandi civiltà 610 0 $aPreraffaelliti$aGran Bretagna$aSec. 19. 676 $a700.941 700 1$aVinciguerra,$bMario$0169128 801 0$aIT$bUNINA$gRICA$2UNIMARC 901 $aBK 912 $a990005598370403321 952 $a709.034 VINM 01$bST. ARTE 6343$fFLFBC 959 $aFLFBC 996 $aPreraffaellismo inglese$9608575 997 $aUNINA